01000nam a2200217 u 450000100100000000500170001000800410002704000250006808200180009311000710011124502490018226000380043130000470046965000650051665000530058170000220063470000280065670000310068470000410071570000260075600000229920240404093624.0090701s2003 dr ad 001 0 spa d aDO-SdBNPbspacBNPHU a331.59bC755i2 aConsejo Nacional de Población y Familia (República Dominicana)10aInserción en el mercado laboral de personas con discapacidad en República Dominicana /cinvestigadores Yeycy Donastorg , Bienvenido Rodríguez , Ramón Orlando Jiménez ; edición Mildred Minaya ; presentación Fausto Báez Jiménez. aSanto Domingo :bCONAPOFA,c2003. a107 p. :bil., gráfcs., tablas ;c23 cm. 4aTrabajo de personas con discapacidadzRepública Dominicana 4aDiscriminación laboralzRepública Dominicana1 aDonastorg , Yeycy1 aRodríguez, Bienvenido1 aJiménez, Ramón Orlando1 aBáez Jiménez , Fausto,epresent.1 aMinaya, Mildred,eed.